000 01699nam a22002897a 4500
003 OSt
005 20251031132401.0
008 251029t |||||||| |||| 00| 0 eng d
020 _a9586533085
037 _bDonación
040 _aCO-JMCR
_cspa
_bCO-JMCR
_dCO-JMCR
_erda
041 0 _aspa
082 0 4 _219
_a347.7
_bN16t
100 1 _aNarváez García, José Ignacio,
_d1922 - 2018
_eautor
_944010
245 1 0 _aTeoría general de las sociedades /
_cJosé Ignacio Narváez García.
250 _aNovena Edición.
_brevisada.
260 _aBogotá :
_bLegis,
_c2002.
300 _a483 páginas
_c24 cm.
490 _aDerecho mercantil colombiano ;
_v3
500 _aIncluye biografía
504 _aBibliografía : páginas 481 - 43
505 _aDiversidad de formas asociativas -- Personalidad jurídica de las sociedades -- Naturaleza del acto creador de la sociedad -- Clasificación de las sociedades -- Precontrato, contrato y nulidades -- Condiciones de existencia de la sociedad -- Cumplimiento u omisión de formalidades -- Adquisición y pérdida del estado de socio -- El capital social -- Determinación periódica de utilidades y su distribución -- Reformas estatutarias -- Los órganos sociales -- Junta de socios o asamblea de accionistas -- Administradores en general -- Fiscalización y supervisión de las sociedades -- Disolución de las sociedades -- Liquidación del patrimonio social -- Conglomerados de sociedades y grupos empresariales -
650 7 _aDerecho comercial
_xLegislación
_zColombia.
_2JMCR
_944406
650 7 _aAsociaciones
_xLegislación
_zColombia.
_2JMCR
_944407
650 7 _aCapital social
_xLegislación
_zColombia.
_2JMCR
_944408
942 _2ddc
_cBK
999 _c31104
_d17488